000 00534nam a2200181Ia 4500
008 090123s9999 xx 000 0 und d
082 _b20934
100 _aमिरासदार द.मा.
245 _aविरंगुळा
250 _a2
260 _bसुपर्ण प्रकाशन
_c1981
300 _a154
600 _aमिरासदार द.मा.
630 _aविरंगुळा
700 _aमिरासदार द.मा.
730 _aविरंगुळा
942 _cBOOK
999 _c59006
_d59006